Sistema de lecheria familiar en la comunidad de Santa Rosa, Tecamachalco, Puebla (Record no. 106345)
[ view plain ]
| 000 -CABECERA | |
|---|---|
| campo de control de longitud fija | 01186nam a2200325 a 4500 |
| 001 - NÚMERO DE CONTROL | |
| campo de control | 000109883 |
| 003 - IDENTIFICADOR DEL NÚMERO DE CONTROL | |
| campo de control | CHAP |
| 005 - FECHA Y HORA DE LA ÚLTIMA TRANSACCIÓN | |
| campo de control | 20220329144107.0 |
| 008 - DATOS DE LONGITUD FIJA--INFORMACIÓN GENERAL | |
| campo de control de longitud fija | 140605s2014 mx | |sm |||||||spa|d |
| 010 ## - NÚMERO DE CONTROL DE LA BIBLIOTECA DEL CONGRESO | |
| Número de control de LC | 106345 |
| 011 ## - ENLACE DEL NUMERO DE CONTROL DE LA BIBLIOTECA DEL CONGRESO [OBSOLETO] | |
| Número de control de LC | 107317 |
| 040 ## - FUENTE DE LA CATALOGACIÓN | |
| Centro/agencia transcriptor | CHAP |
| 090 ## - LOCALMENTE ASIGNADO TIPO-LC NÚMERO DE CLASIFICACIÓN (OCLC); NÚMERO DE CLASIFICACIÓN LOCAL (RLIN) | |
| Número de clasificación (OCLC) (R) ; Numero de clasificación, CALL (RLIN) (NR) | Tesis |
| 100 1# - ENTRADA PRINCIPAL--NOMBRE DE PERSONA | |
| Nombre de persona | Montiel Peláez, Nohemi |
| 9 (RLIN) | 127227 |
| 245 10 - MENCIÓN DE TÍTULO | |
| Título | Sistema de lecheria familiar en la comunidad de Santa Rosa, Tecamachalco, Puebla |
| Medio | [En línea] |
| Mención de responsabilidad, etc. | por Nohemi Montiel Peláez. |
| 260 ## - PUBLICACIÓN, DISTRIBUCIÓN, ETC. | |
| Lugar de publicación, distribución, etc. | Chapingo, Méx. : |
| Nombre del editor, distribuidor, etc. | El autor, |
| Fecha de publicación, distribución, etc. | 2014. |
| 500 ## - NOTA GENERAL | |
| Nota general | Para ver el contenido del material haga clic en la liga |
| 502 ## - NOTA DE TESIS | |
| Nota de tesis | Tesis (Ing. Agr. Esp. en Zootecnia) -- UACH. Departamento de Enseñanza, Investigación y Servicio en Zootecnia |
| 590 ## - NOTA LOCAL (RLIN) | |
| Nota local | BATCH-UPD |
| Procedencia (VM) [OBSOLETO] | 05 |
| Condición del los carretes individuales (VM) [OBSOLETO] | 20141002 |
| -- | UCH01 |
| -- | 0904 |
| 590 ## - NOTA LOCAL (RLIN) | |
| Nota local | E792CSJ |
| Procedencia (VM) [OBSOLETO] | 05 |
| Condición del los carretes individuales (VM) [OBSOLETO] | 20140605 |
| -- | UCH01 |
| -- | 0935 |
| 590 ## - NOTA LOCAL (RLIN) | |
| Nota local | E792CSJ |
| Procedencia (VM) [OBSOLETO] | 05 |
| Condición del los carretes individuales (VM) [OBSOLETO] | 20140605 |
| -- | UCH01 |
| -- | 0936 |
| 650 14 - PUNTO DE ACCESO ADICIONAL DE MATERIA--TÉRMINO DE MATERIA | |
| Término de materia o nombre geográfico como elemento de entrada | Granjas lecheras |
| Subdivisión geográfica | Puebla. |
| 9 (RLIN) | 127226 |
| 650 14 - PUNTO DE ACCESO ADICIONAL DE MATERIA--TÉRMINO DE MATERIA | |
| Término de materia o nombre geográfico como elemento de entrada | Leche |
| Subdivisión general | Producción. |
| 9 (RLIN) | 65400 |
| 650 14 - PUNTO DE ACCESO ADICIONAL DE MATERIA--TÉRMINO DE MATERIA | |
| Término de materia o nombre geográfico como elemento de entrada | Leche |
| Subdivisión general | Tecnología. |
| 9 (RLIN) | 65414 |
| 650 14 - PUNTO DE ACCESO ADICIONAL DE MATERIA--TÉRMINO DE MATERIA | |
| Término de materia o nombre geográfico como elemento de entrada | Sistemas de producción. |
| 9 (RLIN) | 106767 |
| 856 ## - LOCALIZACIÓN Y ACCESO ELECTRÓNICOS | |
| Nombre del host | Finding aid |
| Identificador Uniforme del Recurso | <a href="http://10.13.5.2/tesis/sist109883.pdf">http://10.13.5.2/tesis/sist109883.pdf</a> |
| Nota pública | Teclea aquí |
| 901 ## - ELEMENTOS DE DATOS A LOCAL LDA (RLIN) | |
| a | BK |
| 942 ## - ELEMENTOS DE PUNTO DE ACCESO ADICIONAL (KOHA) | |
| Tipo de ítem Koha | Tesis |
| 942 ## - ELEMENTOS DE PUNTO DE ACCESO ADICIONAL (KOHA) | |
| Suprimir en OPAC | 0 |
| Estado de retiro | Estado de pérdida | Fuente del sistema de clasificación o colocación | Estado dañado | No para préstamo | Código de colección | Localización permanente | Ubicación/localización actual | Fecha de adquisición | Información codificada de la localización en otra ubicación | Total de préstamos | Signatura topográfica completa | Código de barras | Fecha visto por última vez | Número de copia | Precio válido a partir de | Tipo de ítem Koha |
|---|---|---|---|---|---|---|---|---|---|---|---|---|---|---|---|---|
| Clasificación Universidad Autónoma de Chapingo | Excluido de préstamo | Tesis | Biblioteca Central | Biblioteca Central | 05/06/2014 | TESIS | Tesis | 33724002409777 | 31/12/2019 | c.2 | 05/06/2014 | CD | ||||
| Clasificación Universidad Autónoma de Chapingo | Excluido de préstamo | Tesis | Biblioteca Central | Biblioteca Central | 05/06/2014 | TESIS | Tesis | 33724002409819 | 31/12/2019 | 05/06/2014 | CD |
